Problémy kriminality v Slovenskej republike a v Európskej únii

Problém kriminality narastá aj vplyvom globálnej hospodárskej, finančnej a sociálnej krízy, ktorá so sebou priniesla neistotu a napätie medzi ľuďmi vo všetkých krajinách EÚ. Faktory súvisiace s množstvom a závažnosťou zločinov v jednotlivých krajinách.

Guardado en:
Detalles Bibliográficos
Autor principal: Veselovská, Stanislava, 1957-
Formato: Capítulo de libro
Lenguaje:eslovaco
Materias:
Etiquetas: Agregar Etiqueta
Sin Etiquetas, Sea el primero en etiquetar este registro!

MARC

LEADER 00000nla a2200000 4500
001 0175484
005 20240502073008.0
041 0 |a slo 
044 |a SK 
245 1 0 |a Problémy kriminality v Slovenskej republike a v Európskej únii  |c Stanislava Veselovská 
520 |a Problém kriminality narastá aj vplyvom globálnej hospodárskej, finančnej a sociálnej krízy, ktorá so sebou priniesla neistotu a napätie medzi ľuďmi vo všetkých krajinách EÚ. Faktory súvisiace s množstvom a závažnosťou zločinov v jednotlivých krajinách. 
610 2 0 |a Slovensko 
610 2 0 |a Európska únia 
610 2 0 |a kriminalita 
610 2 0 |a činy trestné 
610 2 0 |a činnosť trestná 
610 2 0 |a zariadenia nápravno-výchovné 
610 2 0 |a zodpovednosť trestná 
100 1 |a Veselovská, Stanislava, 1957-